Economics for managers

Đã lưu trong:
书目详细资料
主要作者: Farnham, Paul G.
格式: 图书
语言:Undetermined
出版: New Jersey Pearson Education, Inc. 2005
主题:
标签: 添加标签
没有标签, 成为第一个标记此记录!
Thư viện lưu trữ: Trung tâm Học liệu Trường Đại học Cần Thơ
LEADER 00506nam a2200193Ia 4500
001 CTU_94696
008 210402s9999 xx 000 0 und d
020 |c 113.33 
082 |a 330.024658 
082 |b F236 
100 |a Farnham, Paul G. 
245 0 |a Economics for managers 
245 0 |c Paul G. Farnham 
260 |a New Jersey 
260 |b Pearson Education, Inc. 
260 |c 2005 
650 |a Economics,Management 
904 |i Năm 
980 |a Trung tâm Học liệu Trường Đại học Cần Thơ